000 00681nam a22002297a 4500
999 _c18249
_d18249
003 AR-CdUCM
008 190513b ||||| |||| 00| 0 spa d
020 _a950-18-0023-7
040 _aMUNICIPALIDAD PROVINCIAL DEL CUSCO
_cBIBLIOTECA MUNICIPAL DEL CUSCO
082 _a818.42 /
_bL63
100 _aLilliedahl, Ann
_938723
245 _aEmily Dickinson en Europa /
260 _aArgentina :
_bEdiciones tres tiempos,
_c1981.
300 _a157 paginas ;
_c21 cm
500 _aPoesia y literatura
650 _aPoesia
_91598
650 _aLiteratura
_983
650 _aHistoria
_9136
700 _aValcarcel, Zoraida
_938724
942 _2ddc
_cLIBROS
945 _apjha
_d2019-05-13